[Event "Zalakarosi Sakkfesztivál open"]
[Site "Zalakaros"]
[Date "2018.05.26"]
[Round "2.37"]
[White "Vanczak, Tamas"]
[Black "Toth, Nikoletta"]
[Result "1-0"]
[WhiteElo "2303"]
[BlackElo "1907"]
[PlyCount "125"]
[EventDate "2018.05.25"]
[EventType "swiss"]
[EventRounds "9"]
[EventCountry "HUN"]

1. e4 e5 2. Nf3 Nc6 3. Bc4 Bc5 4. c3 Nf6 5. d3 d6 6. Nbd2 O-O 7. O-O a6 8. Bb3
Ba7 9. Re1 h6 10. Nf1 Be6 11. Ng3 Re8 12. h3 d5 13. Qe2 dxe4 14. dxe4 Bxb3 15.
axb3 Qd7 16. Nh4 Rad8 17. Qf3 Qe6 18. Ngf5 Kh7 19. Qg3 Rg8 20. Bg5 Rd7 21. Kh1
Ne8 22. Nf3 Nd6 23. Nxd6 Rxd6 24. b4 Qg6 25. Bh4 Qxg3 26. Bxg3 f6 27. Kg1 Rgd8
28. Kf1 g6 29. h4 h5 30. Ke2 Kg7 31. Rad1 Rxd1 32. Rxd1 Rxd1 33. Kxd1 Kf7 34.
Ke2 Nd8 35. Ne1 Ne6 36. Nd3 c5 37. bxc5 Nxc5 38. f3 Nxd3 39. Kxd3 Ke6 40. Be1
Kd6 41. c4 Ke6 42. b4 b5 43. c5 a5 44. bxa5 Bxc5 45. Bd2 Kd7 46. Be3 Kc6 47.
Bxc5 Kxc5 48. Kc3 g5 49. hxg5 fxg5 50. Kb3 h4 51. Ka3 b4+ 52. Ka4 Kc4 53. a6 b3
54. a7 b2 55. a8=Q b1=Q 56. Qd5+ Kc3 57. Qxe5+ Kd3 58. Qxg5 Qc2+ 59. Kb5 Qc4+
60. Kb6 Qe6+ 61. Kc5 Qc8+ 62. Kd6 Qb8+ 63. Ke6 1-0

[Event "Zalakarosi Sakkfesztivál open"]
[Site "Zalakaros"]
[Date "2018.05.26"]
[Round "2.38"]
[White "Geher, Koppany"]
[Black "Karacsonyi, Kata"]
[Result "1-0"]
[WhiteElo "2257"]
[BlackElo "1776"]
[PlyCount "87"]
[EventDate "2018.05.25"]
[EventType "swiss"]
[EventRounds "9"]
[EventCountry "HUN"]

1. e4 c5 2. Nf3 d6 3. d4 cxd4 4. Nxd4 Nf6 5. Nc3 Nc6 6. Bg5 e6 7. Qd2 a6 8.
O-O-O Bd7 9. f4 b5 10. Bxf6 gxf6 11. Kb1 Qb6 12. Nce2 h5 13. Qd3 b4 14. g3 Rc8
15. Nxc6 Bxc6 16. Nd4 Bb7 17. Bg2 Qc5 18. Nb3 Qb6 19. Rhe1 a5 20. Bf1 Bc6 21.
Nd4 Ba4 22. Qa6 Qxa6 23. Bxa6 Rc5 24. h4 Be7 25. f5 Bd7 26. Re3 a4 27. Be2 e5
28. Nf3 Bb5 29. Bxb5+ Rxb5 30. Rd5 Rxd5 31. exd5 Rg8 32. Nd2 Bd8 33. Ne4 Ke7
34. c3 Bb6 35. Re1 b3 36. axb3 axb3 37. Kc1 Bc5 38. Kd2 Rg4 39. Kd3 Rg8 40. Ra1
Bb6 41. Ra3 Bg1 42. Rxb3 Bh2 43. Rb7+ Kf8 44. Rb8+ 1-0

[Event "Zalakarosi Sakkfesztivál open"]
[Site "Zalakaros"]
[Date "2018.05.26"]
[Round "2.39"]
[White "Pasti, Zsombor"]
[Black "Suta, Andraz"]
[Result "0-1"]
[WhiteElo "1338"]
[BlackElo "2212"]
[PlyCount "38"]
[EventDate "2018.05.25"]
[EventType "swiss"]
[EventRounds "9"]
[EventCountry "HUN"]

1. e4 e5 2. Nf3 Nc6 3. Bb5 a6 4. Ba4 Nf6 5. Nc3 Be7 6. O-O b5 7. Bb3 d6 8. Nd5
O-O 9. Nxf6+ Bxf6 10. Bd5 Bd7 11. d4 exd4 12. Bxc6 Bxc6 13. Nxd4 Bxe4 14. Re1
Bg6 15. Nc6 Qd7 16. Qd5 Rae8 17. Bf4 h6 18. Be5 Qf5 19. Nd4 Rxe5 0-1

[Event "Zalakarosi Sakkfesztivál open"]
[Site "Zalakaros"]
[Date "2018.05.26"]
[Round "2.40"]
[White "Czupor, Attila"]
[Black "Balogh, Marton"]
[Result "1/2-1/2"]
[WhiteElo "2209"]
[BlackElo "1858"]
[PlyCount "69"]
[EventDate "2018.05.25"]
[EventType "swiss"]
[EventRounds "9"]
[EventCountry "HUN"]

1. e4 e6 2. d4 d5 3. Nd2 dxe4 4. Nxe4 Bd7 5. Nf3 Bc6 6. Bd3 Nd7 7. O-O Ngf6 8.
Qe2 Be7 9. c3 O-O 10. Nxf6+ Bxf6 11. Ne5 Bxe5 12. dxe5 Nxe5 13. Bxh7+ Kxh7 14.
Qh5+ Kg8 15. Qxe5 Qd6 16. Qh5 Qd5 17. Qh3 Rad8 18. Qg3 Rd7 19. b3 Qd3 20. Bf4
Qxg3 21. hxg3 Rfd8 22. c4 Be4 23. Rfc1 f6 24. b4 c6 25. a4 Rd3 26. Be3 a6 27.
Bc5 Rb3 28. a5 Rdd3 29. Kh2 Kf7 30. Rd1 Rxd1 31. Rxd1 Rd3 32. Rc1 Rd2 33. g4 e5
34. Kg3 Ke6 35. Bf8 1/2-1/2

[Event "Zalakarosi Sakkfesztivál open"]
[Site "Zalakaros"]
[Date "2018.05.27"]
[Round "3.1"]
[White "Nemeth, Miklos"]
[Black "Polajzer, Danilo"]
[Result "1-0"]
[WhiteElo "2491"]
[BlackElo "2273"]
[PlyCount "53"]
[EventDate "2018.05.25"]
[EventType "swiss"]
[EventRounds "9"]
[EventCountry "HUN"]

1. e4 c6 2. d4 d5 3. e5 c5 4. dxc5 e6 5. a3 Bxc5 6. b4 Bb6 7. Qg4 Kf8 8. Nf3
Nd7 9. Bd3 a5 10. Bb2 axb4 11. axb4 Rxa1 12. Bxa1 Ne7 13. O-O Ng6 14. Re1 Bc7
15. Bxg6 hxg6 16. h4 Kg8 17. Nbd2 Rh5 18. Nf1 Nf8 19. Ng3 Rh6 20. Bd4 Bb6 21.
Ra1 Bd7 22. Bxb6 Qxb6 23. Ra8 Qc7 24. Qg5 Bc8 25. Nd4 Rh8 26. Nb5 Qxc2 27. Nd6
1-0

[Event "Zalakarosi Sakkfesztivál open"]
[Site "Zalakaros"]
[Date "2018.05.27"]
[Round "3.2"]
[White "Vegh, Endre"]
[Black "Horvath, Adam"]
[Result "0-1"]
[WhiteElo "2264"]
[BlackElo "2481"]
[PlyCount "48"]
[EventDate "2018.05.25"]
[EventType "swiss"]
[EventRounds "9"]
[EventCountry "HUN"]

1. d4 Nf6 2. Bg5 c6 3. Bxf6 gxf6 4. e3 Qb6 5. b3 e5 6. c3 d5 7. Qh5 exd4 8.
exd4 c5 9. Nf3 Nc6 10. Bd3 cxd4 11. O-O Be6 12. Bf5 O-O-O 13. Bxe6+ fxe6 14.
Qf7 Ne5 15. Qxf6 Nxf3+ 16. Qxf3 Bg7 17. cxd4 Bxd4 18. Nc3 Rdf8 19. Qg3 Rhg8 20.
Qh3 Bxf2+ 21. Kh1 Qe3 22. Qxh7 Rh8 23. Qg7 Rfg8 24. Qf6 Rxh2+ 0-1

[Event "Zalakarosi Sakkfesztivál open"]
[Site "Zalakaros"]
[Date "2018.05.27"]
[Round "3.3"]
[White "Astaneh Lopez, Alex"]
[Black "Kernazhitsky, Leonid"]
[Result "1-0"]
[WhiteElo "2446"]
[BlackElo "2250"]
[PlyCount "69"]
[EventDate "2018.05.25"]
[EventType "swiss"]
[EventRounds "9"]
[EventCountry "HUN"]

1. Nf3 d5 2. g3 Nf6 3. Bg2 c6 4. O-O Bg4 5. d3 Nbd7 6. h3 Bxf3 7. Bxf3 e6 8.
Nd2 Bd6 9. c4 O-O 10. d4 Re8 11. e4 dxe4 12. Nxe4 Nxe4 13. Bxe4 f5 14. Bg2 Qf6
15. f4 Rac8 16. Kh2 Qd8 17. Qd3 Nf6 18. Bd2 Qc7 19. Rae1 Rcd8 20. Bc3 Bf8 21.
Re3 Qf7 22. Rfe1 c5 23. d5 Ne4 24. Rxe4 fxe4 25. Bxe4 g6 26. dxe6 Qe7 27. Bd5
Bg7 28. h4 Kh8 29. Re5 Bf6 30. h5 Kg7 31. Qe4 b6 32. g4 Rg8 33. g5 Bxe5 34.
Bxe5+ Kf8 35. Bf6 1-0

[Event "Zalakarosi Sakkfesztivál open"]
[Site "Zalakaros"]
[Date "2018.05.27"]
[Round "3.12"]
[White "Diller, Denis"]
[Black "Galyas, Miklos"]
[Result "0-1"]
[WhiteElo "2008"]
[BlackElo "2508"]
[PlyCount "68"]
[EventDate "2018.05.25"]
[EventType "swiss"]
[EventRounds "9"]
[EventCountry "HUN"]

1. d4 d6 2. Nf3 g6 3. g3 Bg7 4. Bg2 Nf6 5. O-O O-O 6. Re1 Nbd7 7. e4 e5 8. dxe5
dxe5 9. Qe2 b6 10. Rd1 Qe7 11. b3 Bb7 12. Ba3 Nc5 13. Nbd2 Rfd8 14. Ne1 Nfd7
15. Nd3 Bf8 16. Nc4 Qe8 17. Bb2 Bg7 18. Nb4 Rac8 19. Nd5 Nf6 20. a4 Ba8 21.
Rab1 Ncxe4 22. Bxe4 Nxd5 23. Qf3 c6 24. Ba3 f5 25. Bxd5+ cxd5 26. Nd6 Rxd6 27.
Bxd6 d4 28. Qe2 Qd7 29. Bxe5 Qd5 30. f3 Qxe5 31. Qxe5 Bxe5 32. f4 Bf6 33. Rd2
Be4 34. Rc1 d3 0-1

[Event "Zalakarosi Sakkfesztivál open"]
[Site "Zalakaros"]
[Date "2018.05.27"]
[Round "3.13"]
[White "Aczel, Gergely"]
[Black "Sonnberger, Thomas"]
[Result "1-0"]
[WhiteElo "2567"]
[BlackElo "2186"]
[PlyCount "64"]
[EventDate "2018.05.25"]
[EventType "swiss"]
[EventRounds "9"]
[EventCountry "HUN"]

1. d4 c5 2. d5 e6 3. c4 exd5 4. cxd5 d6 5. e4 a6 6. a4 g6 7. Bd3 Bg7 8. h3 Nh6
9. Nf3 O-O 10. O-O f6 11. Na3 Nd7 12. Nc4 Nf7 13. a5 Rb8 14. Be3 Nde5 15. Nfxe5
Nxe5 16. Nxe5 fxe5 17. b4 cxb4 18. Qd2 b5 19. axb6 Rxb6 20. Rfb1 Rb8 21. Rxb4
Rxb4 22. Qxb4 Qh4 23. Qxd6 Bh6 24. Bxh6 Qxh6 25. Qxe5 Qd2 26. Qg3 Qc3 27. Rd1
a5 28. e5 Qb3 29. Be2 Qb2 30. Bc4 a4 31. d6+ Kh8 32. e6 a3 1-0

[Event "Zalakarosi Sakkfesztivál open"]
[Site "Zalakaros"]
[Date "2018.05.27"]
[Round "3.14"]
[White "Bokros, Albert"]
[Black "Boronyak, Arpad"]
[Result "1-0"]
[WhiteElo "2480"]
[BlackElo "2153"]
[PlyCount "93"]
[EventDate "2018.05.25"]
[EventType "swiss"]
[EventRounds "9"]
[EventCountry "HUN"]

1. e4 e6 2. Qe2 c5 3. Nf3 Nc6 4. g3 d6 5. Bg2 Nf6 6. O-O Be7 7. c3 O-O 8. d3
Rb8 9. Rd1 Qc7 10. d4 e5 11. Na3 Bg4 12. d5 Nd8 13. h3 Bd7 14. c4 a6 15. Bd2 b5
16. b3 Qc8 17. Kh2 b4 18. Nb1 h6 19. a3 a5 20. Ne1 Nh7 21. Nd3 f5 22. exf5 Bxf5
23. axb4 axb4 24. Be3 Nf7 25. Nd2 Nfg5 26. g4 Bd7 27. Ra7 Bf6 28. f4 exf4 29.
Bxf4 Re8 30. Qf1 Bxg4 31. hxg4 Qxg4 32. Nf3 Qh5+ 33. Kg1 Nxf3+ 34. Qxf3 Bd4+
35. Nf2 Qg6 36. Qg3 Ng5 37. Ra2 Rf8 38. Bxg5 hxg5 39. Rxd4 cxd4 40. Ne4 g4 41.
Qxd6 Qh5 42. Qh2 Qg6 43. Qe5 Rbe8 44. Qg5 Qxg5 45. Nxg5 g3 46. Ne6 Rf6 47. Be4
1-0

[Event "Zalakarosi Sakkfesztivál open"]
[Site "Zalakaros"]
[Date "2018.05.27"]
[Round "3.15"]
[White "Veleski, Robert"]
[Black "Chernyshov, Konstantin"]
[Result "0-1"]
[WhiteElo "2225"]
[BlackElo "2478"]
[PlyCount "106"]
[EventDate "2018.05.25"]
[EventType "swiss"]
[EventRounds "9"]
[EventCountry "HUN"]

1. e4 c5 2. Nf3 Nc6 3. Bb5 g6 4. O-O Bg7 5. c3 a6 6. Ba4 b5 7. Bc2 d6 8. d4
cxd4 9. Nxd4 Bd7 10. a4 Rb8 11. axb5 axb5 12. Be3 Nf6 13. Nd2 O-O 14. Qe2 b4
15. c4 Ra8 16. N2b3 Qc7 17. Nxc6 Bxc6 18. f3 Nd7 19. Bd4 Nc5 20. Bxg7 Kxg7 21.
Qe3 Nxb3 22. Bxb3 Bd7 23. Rac1 Ra5 24. Rc2 Rfa8 25. Rfc1 Rc5 26. Kf2 f6 27. Qd2
Be6 28. Kf1 Qb7 29. Qd4 Raa5 30. Kg1 Qa7 31. Qf2 Ra6 32. g4 Raa5 33. Kg2 Qa8
34. Qe1 Qb7 35. Ra1 Rxa1 36. Qxa1 Bxg4 37. Qe1 Be6 38. Qe3 Qa6 39. Rc1 Qa5 40.
h4 Bf7 41. f4 Qa8 42. Kg3 Qc8 43. Ra1 h5 44. f5 Re5 45. Kf2 Qc5 46. Qxc5 dxc5
47. Bc2 Bxc4 48. Rg1 Bf7 49. b3 Kh6 50. fxg6 Bxg6 51. Kf3 Bf7 52. Bd3 Bxb3 53.
Bb5 Bc2 0-1

[Event "Zalakarosi Sakkfesztivál open"]
[Site "Zalakaros"]
[Date "2018.05.27"]
[Round "3.16"]
[White "Czebe, Attila"]
[Black "Horak, Jiri"]
[Result "0-1"]
[WhiteElo "2422"]
[BlackElo "2131"]
[PlyCount "80"]
[EventDate "2018.05.25"]
[EventType "swiss"]
[EventRounds "9"]
[EventCountry "HUN"]

1. Nf3 d5 2. g3 Nf6 3. Bg2 e6 4. O-O c5 5. d4 Nc6 6. c4 dxc4 7. Ne5 Nxe5 8.
dxe5 Qxd1 9. Rxd1 Nd5 10. Na3 c3 11. Bxd5 exd5 12. Nb5 cxb2 13. Bxb2 Kd7 14.
Nd6 Bxd6 15. Rxd5 Kc6 16. Rxd6+ Kc7 17. e4 Be6 18. f4 g6 19. g4 Bxg4 20. Rd5 b6
21. e6 Bxe6 22. Bxh8 Rxh8 23. Rd2 b5 24. Kf2 c4 25. Rad1 c3 26. Rd4 Bxa2 27.
Rc1 Bc4 28. Rxc3 a5 29. Ke3 Kc6 30. e5 a4 31. Rc1 a3 32. Rd6+ Kc5 33. Ra6 b4
34. Ra7 Kb6 35. Ra4 Kb5 36. Ra7 Rc8 37. Rb7+ Ka4 38. Rb1 b3 39. Kd4 b2 40. Re1
Ba6 0-1

[Event "Zalakarosi Sakkfesztivál open"]
[Site "Zalakaros"]
[Date "2018.05.27"]
[Round "3.21"]
[White "Medancic, Rikard"]
[Black "Vanczak, Tamas"]
[Result "0-1"]
[WhiteElo "2164"]
[BlackElo "2303"]
[PlyCount "74"]
[EventDate "2018.05.25"]
[EventType "swiss"]
[EventRounds "9"]
[EventCountry "HUN"]

1. d4 Nf6 2. Nf3 c5 3. d5 d6 4. c4 g6 5. Nc3 Bg7 6. e4 O-O 7. Bd3 Na6 8. O-O
Nc7 9. a4 Bg4 10. h3 Bxf3 11. Qxf3 Nd7 12. Qd1 e5 13. dxe6 fxe6 14. Nb5 Nxb5
15. axb5 a6 16. Be2 Qe7 17. bxa6 bxa6 18. Ra3 Ne5 19. f4 Nc6 20. e5 dxe5 21.
Bf3 Rad8 22. Qe1 Nd4 23. Rxa6 exf4 24. Be4 Qg5 25. Bd2 Qe5 26. Bc3 Qh5 27. Bf3
Qg5 28. Kh1 e5 29. Ra7 Nxf3 30. Rxf3 Qf5 31. Qf2 Rd1+ 32. Kh2 Qb1 33. Rxg7+
Kxg7 34. Rxf4 Rh1+ 35. Kg3 Qd3+ 36. Kh4 Rxf4+ 37. Qxf4 Qxc3 0-1

[Event "Zalakarosi Sakkfesztivál open"]
[Site "Zalakaros"]
[Date "2018.05.27"]
[Round "3.22"]
[White "Demeter, Dorina"]
[Black "Borsos, Bogdan"]
[Result "0-1"]
[WhiteElo "2060"]
[BlackElo "2277"]
[PlyCount "76"]
[EventDate "2018.05.25"]
[EventType "swiss"]
[EventRounds "9"]
[EventCountry "HUN"]

1. d4 e6 2. c4 Nf6 3. Nc3 Bb4 4. f3 d5 5. a3 Bxc3+ 6. bxc3 c5 7. cxd5 exd5 8.
e3 O-O 9. Bd3 b6 10. Ne2 Ba6 11. O-O Re8 12. Ng3 Bxd3 13. Qxd3 Nc6 14. a4 Rc8
15. Bd2 Qd7 16. Rfc1 Na5 17. Rcb1 Nb3 18. Ra2 h5 19. Nf1 Nxd2 20. Nxd2 Re6 21.
dxc5 bxc5 22. e4 Qc6 23. exd5 Qxd5 24. Qxd5 Nxd5 25. Ra3 Re2 26. Ne4 Nf4 27.
Nf2 Rd8 28. Rf1 Rdd2 29. c4 Rb2 30. a5 a6 31. h3 h4 32. Rc3 Nh5 33. Rd3 Ng3 34.
Rd8+ Kh7 35. Rdd1 Nxf1 36. Rxf1 f5 37. f4 Rbd2 38. g4 hxg3 0-1

[Event "Zalakarosi Sakkfesztivál open"]
[Site "Zalakaros"]
[Date "2018.05.27"]
[Round "3.23"]
[White "Gombocz, Ferenc Jr."]
[Black "Geher, Koppany"]
[Result "1/2-1/2"]
[WhiteElo "2077"]
[BlackElo "2257"]
[PlyCount "167"]
[EventDate "2018.05.25"]
[EventType "swiss"]
[EventRounds "9"]
[EventCountry "HUN"]

1. c4 Nf6 2. g3 c6 3. Bg2 d5 4. Nf3 g6 5. b3 Bg7 6. Bb2 O-O 7. O-O a5 8. Nc3
Bf5 9. d4 Ne4 10. Rc1 Nxc3 11. Bxc3 Be4 12. Ne5 Bxg2 13. Kxg2 Nd7 14. Nxd7 Qxd7
15. e3 a4 16. c5 h5 17. b4 Qg4 18. Qxg4 hxg4 19. Rb1 b5 20. cxb6 Rfb8 21. a3
Rxb6 22. Rfc1 Kf8 23. Kf1 Ke8 24. Kg2 Kd7 25. h3 gxh3+ 26. Kxh3 Rh8+ 27. Kg2 g5
28. Rh1 Rbb8 29. g4 Kc7 30. Rxh8 Bxh8 31. Rc1 Kb6 32. Ba1 Bf6 33. f4 Rh8 34.
Kg3 e6 35. Bc3 Be7 36. Be1 Bd6 37. Bf2 f5 38. Kf3 Rh3+ 39. Bg3 Be7 40. fxg5
Bxg5 41. gxf5 exf5 42. Kg2 Bxe3 43. Re1 Rxg3+ 44. Kxg3 Bxd4 45. Kf4 Bb2 46.
Kxf5 Bxa3 47. Ra1 Bxb4 48. Rxa4 Kb5 49. Ra8 Kc4 50. Kf4 Kd3 51. Rg8 Bd6+ 52.
Kf5 Bb4 53. Kf4 d4 54. Rg3+ Kc4 55. Ke4 Bd2 56. Rg8 c5 57. Rc8 Bb4 58. Rd8 Kc3
59. Rd7 Kc4 60. Rd8 Bc3 61. Rd5 Bb2 62. Rd7 Kc3 63. Kd5 Ba3 64. Ke4 Bc1 65. Rd5
Kc4 66. Rd8 Be3 67. Rc8 Bg5 68. Rc7 Bd8 69. Rc6 Be7 70. Rc7 Bd8 71. Rc6 Ba5 72.
Rc8 Bb4 73. Rd8 Bc3 74. Rd5 Bb2 75. Rd8 Kb3 76. Kd5 Ba3 77. Ke4 Kc3 78. Rd7 Bc1
79. Kd5 Ba3 80. Ke4 Kc4 81. Rd8 Bb2 82. Rd7 Ba1 83. Rd8 Bc3 84. Rd5 1/2-1/2

[Event "Zalakarosi Sakkfesztivál open"]
[Site "Zalakaros"]
[Date "2018.05.27"]
[Round "3.24"]
[White "Doric, Nenad"]
[Black "Bai, Adelard"]
[Result "1/2-1/2"]
[WhiteElo "2250"]
[BlackElo "2042"]
[PlyCount "40"]
[EventDate "2018.05.25"]
[EventType "swiss"]
[EventRounds "9"]
[EventCountry "HUN"]

1. d4 Nf6 2. c4 d6 3. Nc3 Nbd7 4. Nf3 g6 5. e4 e5 6. Be2 Bg7 7. O-O O-O 8. Be3
c6 9. d5 c5 10. Ne1 Ne8 11. g4 Nb6 12. Kh1 f5 13. gxf5 gxf5 14. exf5 Bxf5 15.
Rg1 Kh8 16. Qd2 Qh4 17. Ng2 Qh3 18. Ne1 Qh4 19. Ng2 Qh3 20. Ne1 Qh4 1/2-1/2

[Event "Zalakarosi Sakkfesztivál open"]
[Site "Zalakaros"]
[Date "2018.05.27"]
[Round "3.25"]
[White "Chakravarthi Reddy, M."]
[Black "Heiligermann, Gabor"]
[Result "1-0"]
[WhiteElo "2443"]
[BlackElo "2008"]
[PlyCount "73"]
[EventDate "2018.05.25"]
[EventType "swiss"]
[EventRounds "9"]
[EventCountry "HUN"]

1. c4 c5 2. Nf3 Nf6 3. Nc3 Nc6 4. d4 cxd4 5. Nxd4 d6 6. e4 g6 7. Be2 Bg7 8. Nc2
Be6 9. O-O O-O 10. Be3 Qd7 11. f3 Ne8 12. Nd4 Nxd4 13. Bxd4 f5 14. Qd2 Qc6 15.
Nd5 Bxd4+ 16. Qxd4 Bxd5 17. cxd5 Qc5 18. Qxc5 dxc5 19. e5 Nc7 20. Rfd1 Rfd8 21.
Rac1 Rd7 22. Rxc5 Rad8 23. Rcc1 Nxd5 24. Bb5 e6 25. Bxd7 Rxd7 26. Rc8+ Kf7 27.
f4 h6 28. h4 g5 29. hxg5 hxg5 30. fxg5 Kg6 31. Rg8+ Kf7 32. Rh8 Kg7 33. Rh6 Re7
34. Rd4 f4 35. Kf2 Re8 36. Kf3 b6 37. Rxe6 1-0

[Event "Zalakarosi Sakkfesztivál open"]
[Site "Zalakaros"]
[Date "2018.05.27"]
[Round "3.26"]
[White "Reitinger, Petr"]
[Black "Meszaros, Tamas"]
[Result "1/2-1/2"]
[WhiteElo "2003"]
[BlackElo "2407"]
[PlyCount "120"]
[EventDate "2018.05.25"]
[EventType "swiss"]
[EventRounds "9"]
[EventCountry "HUN"]

1. e4 c5 2. Nf3 Nc6 3. d4 cxd4 4. Nxd4 e6 5. c4 Nf6 6. Nc3 Bb4 7. Nxc6 bxc6 8.
Bd3 e5 9. O-O O-O 10. Be3 d5 11. cxd5 Bxc3 12. bxc3 cxd5 13. exd5 Qxd5 14. Qe2
Bb7 15. f3 Rfe8 16. Bc4 Qa5 17. Qb2 Qc7 18. Bd3 e4 19. fxe4 Nxe4 20. Bd4 Re6
21. Rab1 Bc6 22. Bc4 Re7 23. Rbe1 Rae8 24. Bb3 Qa5 25. Re3 Qg5 26. Ref3 Nd6 27.
Rg3 Qxg3 28. hxg3 Re2 29. Qxe2 Rxe2 30. Rf2 Rxf2 31. Bxf2 a5 32. Bd1 Bd5 33.
Bb3 Bc6 34. Bd1 Bb5 35. a4 Bd7 36. Bb6 Nc4 37. Bc7 Nb2 38. Bc2 Bxa4 39. Bxa4
Nxa4 40. Bxa5 f6 41. Kf2 Nb2 42. Bb4 Nc4 43. Ke2 Kf7 44. Kd3 Ne5+ 45. Kd4 Ke6
46. c4 h5 47. Bd2 g5 48. Bc1 Kf5 49. c5 Kg4 50. Kd5 Nd3 51. Ba3 Nxc5 52. Bxc5
Kxg3 53. Be7 Kxg2 54. Bxf6 g4 55. Ke4 g3 56. Kf4 Kh3 57. Kf3 g2 58. Bd4 Kh2 59.
Be5+ Kh1 60. Bd4 h4 1/2-1/2

[Event "Zalakarosi Sakkfesztivál open"]
[Site "Zalakaros"]
[Date "2018.05.27"]
[Round "3.27"]
[White "Friml, Antonin"]
[Black "Csonka, Attila Istvan"]
[Result "1/2-1/2"]
[WhiteElo "1995"]
[BlackElo "2372"]
[PlyCount "75"]
[EventDate "2018.05.25"]
[EventType "swiss"]
[EventRounds "9"]
[EventCountry "HUN"]

1. e4 c5 2. Nf3 e6 3. d4 cxd4 4. Nxd4 Nc6 5. Nc3 Qc7 6. Be3 a6 7. Bc4 Nf6 8.
Bb3 Ne5 9. Qe2 Bb4 10. Bd2 b5 11. Ncxb5 Bxd2+ 12. Qxd2 axb5 13. Nxb5 Qc5 14.
Nd6+ Ke7 15. O-O-O Ra6 16. Nxc8+ Rxc8 17. Rhe1 Nc4 18. Qe2 Ra7 19. g4 Na5 20.
Kb1 Nxb3 21. cxb3 Rca8 22. a3 Qe5 23. f3 g5 24. b4 Ne8 25. Rd3 Nd6 26. Rc1 Rc8
27. Rdc3 Rxc3 28. Rxc3 f6 29. h3 Qd4 30. Rd3 Qc4 31. Qd2 Nb5 32. a4 Rxa4 33.
Rxd7+ Kf8 34. Rd8+ Kg7 35. Rg8+ Kh6 36. h4 Qf1+ 37. Kc2 Qc4+ 38. Kb1 1/2-1/2

[Event "Zalakarosi Sakkfesztivál open"]
[Site "Zalakaros"]
[Date "2018.05.27"]
[Round "3.28"]
[White "Stifter, Ewald"]
[Black "Saber, Yasser"]
[Result "0-1"]
[WhiteElo "1979"]
[BlackElo "2266"]
[PlyCount "58"]
[EventDate "2018.05.25"]
[EventType "swiss"]
[EventRounds "9"]
[EventCountry "HUN"]

1. Nf3 d6 2. d4 g6 3. g3 Bg7 4. Bg2 f5 5. c4 Nf6 6. O-O O-O 7. Nc3 c6 8. Be3
Na6 9. d5 e5 10. dxe6 Bxe6 11. b3 Qe7 12. Rc1 h6 13. h3 g5 14. Nd4 Bd7 15. Nf3
Be6 16. Nd4 f4 17. gxf4 gxf4 18. Bxf4 Nh5 19. Nxe6 Qxe6 20. Bh2 Nf4 21. Bxf4
Rxf4 22. e3 Rh4 23. Qe1 Kh8 24. f4 Rxh3 25. Bxh3 Qxh3 26. Rc2 Rg8 27. Rh2 Bxc3+
28. Kh1 Qxh2+ 29. Kxh2 Bxe1 0-1

[Event "Zalakarosi Sakkfesztivál open"]
[Site "Zalakaros"]
[Date "2018.05.27"]
[Round "3.29"]
[White "Molnar, Gabor"]
[Black "Jamrich, Gyorgy"]
[Result "0-1"]
[WhiteElo "1943"]
[BlackElo "2213"]
[PlyCount "70"]
[EventDate "2018.05.25"]
[EventType "swiss"]
[EventRounds "9"]
[EventCountry "HUN"]

1. d4 d5 2. Bf4 e6 3. e3 Nf6 4. Nd2 Bd6 5. c3 Bxf4 6. exf4 Qd6 7. g3 c5 8. Ngf3
Nc6 9. Nb3 b6 10. Ne5 O-O 11. Bb5 Bb7 12. O-O Ne7 13. Re1 Qc7 14. Rc1 Nf5 15.
Na1 Rac8 16. f3 cxd4 17. Nb3 dxc3 18. Rxc3 Qd6 19. Rxc8 Rxc8 20. Qe2 h5 21. a3
Qe7 22. Bd3 Nd6 23. Nd4 Nc4 24. Kg2 Nxe5 25. Qxe5 Qc7 26. Nxe6 fxe6 27. Qxe6+
Qf7 28. Qf5 Re8 29. Rc1 Re7 30. h3 Rc7 31. Re1 d4 32. b4 Qd5 33. Qxd5+ Bxd5 34.
Bg6 Bf7 35. f5 Kf8 0-1

[Event "Zalakarosi Sakkfesztivál open"]
[Site "Zalakaros"]
[Date "2018.05.27"]
[Round "3.30"]
[White "Juhasz, Judit"]
[Black "Czupor, Attila"]
[Result "0-1"]
[WhiteElo "1926"]
[BlackElo "2209"]
[PlyCount "68"]
[EventDate "2018.05.25"]
[EventType "swiss"]
[EventRounds "9"]
[EventCountry "HUN"]

1. e4 e5 2. Nf3 Nc6 3. d4 exd4 4. Nxd4 Nf6 5. Nxc6 bxc6 6. e5 Qe7 7. Qe2 Nd5 8.
c4 Ba6 9. b3 Qh4 10. a3 Bc5 11. g3 Bxf2+ 12. Qxf2 Qe4+ 13. Kd2 Qxh1 14. Bg2
Qxh2 15. cxd5 cxd5 16. Bb2 Qh6+ 17. Qf4 Qh2 18. Qf3 Qh6+ 19. Kd1 c6 20. Bd4 O-O
21. Nc3 Rfe8 22. Kc2 d6 23. exd6 Qxd6 24. Bf1 c5 25. Bf2 Bxf1 26. Rxf1 Rad8 27.
Kb2 d4 28. Ne4 Qb6 29. Rc1 Re5 30. g4 Rde8 31. Ng3 Qg6 32. Nf5 h5 33. Ng3 Qxg4
34. Qc6 h4 0-1

[Event "Zalakarosi Sakkfesztivál open"]
[Site "Zalakaros"]
[Date "2018.05.27"]
[Round "3.31"]
[White "Tancsa, Tamas"]
[Black "Kareva, Natalia"]
[Result "0-1"]
[WhiteElo "1924"]
[BlackElo "2206"]
[PlyCount "58"]
[EventDate "2018.05.25"]
[EventType "swiss"]
[EventRounds "9"]
[EventCountry "HUN"]

1. e4 g6 2. d4 Bg7 3. Nc3 c6 4. f4 d5 5. e5 h5 6. Nf3 Bg4 7. h3 Bxf3 8. Qxf3 e6
9. Be3 Qb6 10. O-O-O h4 11. Bd3 Ne7 12. Ne2 Nd7 13. Kb1 Nf5 14. Bf2 a5 15. g4
hxg3 16. Nxg3 a4 17. Nxf5 gxf5 18. a3 Bf8 19. Ka1 c5 20. c4 Rc8 21. cxd5 c4 22.
dxe6 fxe6 23. Rc1 Bxa3 24. bxa3 Qb3 25. Be4 fxe4 26. Qxb3 axb3 27. Rc3 Nb6 28.
Rhc1 Kd7 29. d5 b2+ 0-1

[Event "Zalakarosi Sakkfesztivál open"]
[Site "Zalakaros"]
[Date "2018.05.27"]
[Round "3.32"]
[White "Ugroczky, Peter"]
[Black "Fultner, Jaromir"]
[Result "1-0"]
[WhiteElo "2197"]
[BlackElo "1956"]
[PlyCount "51"]
[EventDate "2018.05.25"]
[EventType "swiss"]
[EventRounds "9"]
[EventCountry "HUN"]

1. e4 Nf6 2. e5 Nd5 3. d4 d6 4. c4 Nb6 5. exd6 exd6 6. Nc3 Be7 7. Be3 Nc6 8. b3
Bf5 9. Nf3 Bf6 10. Rc1 O-O 11. Be2 Qd7 12. O-O Rfe8 13. Qd2 Ne7 14. Rfd1 c6 15.
h3 Bg6 16. g4 h6 17. Ne1 Qe6 18. Ng2 Rad8 19. f4 c5 20. f5 Nxf5 21. gxf5 Bxf5
22. d5 Qe5 23. Bf4 Qd4+ 24. Kh2 Nc8 25. Qe1 Bd3 26. Rxd3 1-0

[Event "Zalakarosi Sakkfesztivál open"]
[Site "Zalakaros"]
[Date "2018.05.27"]
[Round "3.33"]
[White "Gal, Lajos"]
[Black "Pribelszky, Bence"]
[Result "0-1"]
[WhiteElo "1894"]
[BlackElo "2187"]
[PlyCount "120"]
[EventDate "2018.05.25"]
[EventType "swiss"]
[EventRounds "9"]
[EventCountry "HUN"]

1. c4 e6 2. g3 d5 3. b3 c5 4. e3 Nc6 5. Nf3 Nf6 6. Bb2 d4 7. d3 e5 8. e4 Bd6 9.
h3 O-O 10. Bg2 Be6 11. Nbd2 Nd7 12. Qe2 a6 13. O-O g6 14. g4 Kh8 15. Rfc1 Qe7
16. Nf1 f5 17. exf5 gxf5 18. gxf5 Rxf5 19. Ng3 Rf4 20. Rf1 Rg8 21. Rae1 e4 22.
dxe4 Nde5 23. Bc1 Nxf3+ 24. Bxf3 Rh4 25. e5 Nxe5 26. Bg2 Bxh3 27. Bxh3 Rxh3 28.
Bf4 Re8 29. Kg2 Qh4 30. Bxe5+ Rxe5 31. Qxe5+ Bxe5 32. Rxe5 Rh2+ 33. Kf3 Qf6+
34. Rf5 Qc6+ 35. Rd5 Rh6 36. Nf5 Rf6 37. Kf4 Qc7+ 38. Ke4 Re6+ 39. Kf3 Re5 40.
Kg4 Rxd5 41. cxd5 h5+ 42. Kxh5 Qh2+ 43. Kg6 Qg2+ 44. Ng3 Qxd5 45. Re1 Qc6+ 46.
Kf7 d3 47. Ne4 Qd5+ 48. Kg6 Qe6+ 49. Kg5 d2 50. Rh1+ Kg7 51. Kf4 c4 52. bxc4
Qxc4 53. Rg1+ Kf7 54. Rd1 Qxa2 55. Rxd2 Qa4 56. Ke5 Qb5+ 57. Rd5 Qb2+ 58. Kd6
b5 59. f4 b4 60. Rf5+ Kg6 0-1